000 02275cam a2200289 4500500
005 20260111093451.0
041 _afre
042 _adc
100 1 0 _aLesoing, Bertrand
_eauthor
245 0 0 _aAmour des pauvres et renouveau ecclésial à la lumière de Dilexi te
260 _c2025.
500 _a48
520 _aCette lecture théologique de Dilexi te du pape Léon xiv met en évidence le rôle décisif des pauvres non seulement comme destinataires de l’attention ecclésiale, mais comme lieux théologiques et sujets actifs du renouveau de l’Église. L’exhortation, en reliant l’écoute du cri des pauvres à la dynamique synodale, souligne que la conversion pastorale requise aujourd’hui passe par une reconfiguration de l’Église à partir des marges sociales, afin que la solidarité ne soit plus périphérique mais centrale à sa mission. L’article explore également les tensions entre la dimension théologique et sociologique de la pauvreté, et propose une ecclésiologie dans laquelle les pauvres participent activement à l’édification du corps ecclésial.
520 _aThis theological analysis of Leo xiv’s Dilexi te highlights the central role of the poor not only as recipients of the Church’s attention but as theological loci and agents of its renewal. The exhortation links the cry of the poor to the synodal process, proposing that true pastoral conversion entails a structural reconfiguration of the Church from its social peripheries, so that solidarity with the marginalized becomes constitutive of its identity. The article further explores the tension between theological and sociological understandings of poverty and suggests an ecclesiology in which the poor are co-builders of the ecclesial body.
690 _aPauvres
690 _aRéforme
690 _aSynode
690 _aThéologie de la libération
690 _aThéologie politique
690 _aEcclesial Reform
690 _aPolitical Theology
690 _aPoor
690 _aSynodality
690 _aTheology of Liberation
786 0 _nNouvelle revue théologique | 148 | 1 | 2025-12-09 | p. 31-43 | 0029-4845
856 4 1 _uhttps://shs.cairn.info/revue-nouvelle-revue-theologique-2025-5-page-31?lang=fr&redirect-ssocas=7080
999 _c1626421
_d1626421